000 00191 a2200097 4500
020 _a042799903766
041 _aeng
100 _aJanet Quilan
245 _aThe boy who cried wolf
942 _cBK
999 _c10205
_d10205